NCT solo all songs (Until June 2025) - Statistics

General Stats
  • This quiz has been taken 63 times
  • The average score is 34 of 82
Answer Stats
Hint Answer % Correct
TAP (TAEYONG) TAP
96%
SHALALA (TAEYONG) SHALALA
93%
STUNNER (TEN) STUNNER
91%
Pre-Release Single (J) (JAEHYUN) Roses
80%
The Firstfruit (MARK) 1999
76%
J (JAEHYUN) Smoke
76%
TEN Nightwalker
74%
Pre-Release (The Firstfruit) (MARK) 200
67%
3rd Pre-Release (The Firstfruit) (MARK) +82 Pressin'
67%
Pre-Release Single (J) (JAEHYUN) Dandelion
67%
TWISTED PARADSE (YUTA) TWISTED PARADISE
67%
STUNNER (TEN) BAMBOLA
65%
TEN Water
61%
SHALALA (TAEYONG) 404 File Not Found
59%
TAP (TAEYONG) 404 Loading
59%
YOUTH (DOYOUNG) Little Light
59%
J (JAEHYUN) Easy
57%
Digital Single (JAEHYUN) Unconditional
57%
STUNNER (TEN) Waves
57%
Depth (YUTA) Butterfly
54%
STUNNER (TEN) Butterfly
54%
J (JAEHYUN) Flamin' Hot Lemon
54%
TAP (TAEYONG) Moon Tour
54%
2nd Pre-Release (The Firstfruit) (MARK) Fraktsiya
52%
Depth (YUTA) Off The Mask
52%
J (JAEHYUN) Can't Get You
48%
The Firstfruit (MARK) Journey Mercies
48%
YOUTH (DOYOUNG) Lost In California
48%
TEN ON TEN
48%
The Firstfruit (MARK) Raincouver
48%
The Firstfruit (MARK) Righteous
48%
The Firstfruit (MARK) Watching TV
48%
TAP (TAEYONG) APE
46%
J (JAEHYUN) Completely
46%
YOUTH (DOYOUNG) Dallas Love Field
46%
SHALALA (TAEYONG) RUBY
46%
STUNNER (TEN) Sweet As Sin
46%
The Firstfruit (MARK) Toronto's Window
46%
The Firstfruit (MARK) Mom’s Interlude
43%
YOUTH (DOYOUNG) Time Machine
43%
The Firstfruit (MARK) Flight to NYC
41%
TEN Lie With You
41%
The Firstfruit (MARK) Loser
41%
Soar (DOYOUNG) Memory
39%
SHALALA (TAEYONG) Move Mood Mode
39%
The Firstfruit (MARK) Too Much
39%
SHALALA (TAEYONG) GWANDO
37%
Depth (YUTA) PRISONER
37%
YOUTH (DOYOUNG) Beginning
35%
TWISTED PARADSE (YUTA) When I’m Not Around
35%
TEN Dangerous
33%
STUNNER (TEN) Enough For Me
33%
Humanity (TEN) Silence
33%
Depth (YUTA) BAD EUPHORIA
30%
YOUTH (DOYOUNG) Serenade
30%
TEN Shadow
30%
YOUTH (DOYOUNG) Rest
26%
Digital Single (DOYOUNG) The story
26%
Humanity (TEN) Flash
24%
Soar (DOYOUNG) Wake From The Dark
24%
Humanity (TEN) All Good
22%
SHALALA (TAEYONG) Back to the Past
22%
Soar (DOYOUNG) Just Friends
22%
Depth (YUTA) LAST SONG
22%
TAP (TAEYONG) Run Away
22%
Depth (YUTA) Save You
22%
TAP (TAEYONG) Ups & Downs
22%
SHALALA (TAEYONG) Virtual Insanity
22%
YOUTH (DOYOUNG) From Little Wave
20%
YOUTH (DOYOUNG) Rewind
20%
Soar (DOYOUNG) Eternity
17%
Depth (YUTA) Goodbye
17%
Humanity (TEN) Living Now
17%
Soar (DOYOUNG) Luminous
17%
Soar (DOYOUNG) Sand Box
17%
YOUTH (DOYOUNG) Warmth)
17%
Soar (DOYOUNG) Be My Light
13%
Humanity (TEN) Burn It Up
13%
Soar (DOYOUNG) First Step
13%
Soar (DOYOUNG) Sonnet
13%
Soar (DOYOUNG) Still
11%
Humanity (TEN) Yumenotsuzuki
9%
No matching quizzes found
Score Distribution
Percent of People with Each Score
Percentile by Number Answered
Your Score History
You have not taken this quiz